Представление документа в формате RUSMARC

Поле Инд. ПП Название Значение
Тип записи a
Библиографический уровень a
001 Контрольный номер aefbcd63fa7f448dbbd7f4b1dae6dcc0
005 Дата корректировки 20200407131656.7
100 a Данные общей обработки 20190528 ||| 0rusy0189 ca
101 0_ a Язык текста rus
102 a Страна публикации RU
200 1_ f Первые сведения об ответственности К.В. Корсаков
a Заглавие Первоначальные формы уголовного наказания в истории публичного права
b Общее обозначение материала Текст
210 1_ d Дата издания 2019
461 _0 1 2000
a История государства и права
463 _0 1 2000
a № 4
v С. 3-9
1 2101
d 2019
1 00186f4aa981b3144349d242efc27257e9f
606 a Основная рубрика Право. Юридические науки
x Основная подрубрика Уголовное право
610 0_ a Ключевые слова ИСТОРИЯ УГОЛОВНОГО ПРАВА
a Ключевые слова НАКАЗАНИЕ
700 _1 a Фамилия Корсаков
b Имя К.В.
801 _0 a Страна RU
b Организация РГУП
c Дата составления 20190528
g Правила каталогизации PSBO
801 _1 a Страна RU
b Организация РГУП
c Дата составления 20190528
g Правила каталогизации PSBO
901 t Тип документа b
w Контрольный № источника 86f4aa981b3144349d242efc27257e9f
905 a Дата ввода 20190528